| 000 | 01029nam a2200301 a 4500 | ||
|---|---|---|---|
| 001 | vtls001360173 | ||
| 003 | NLI | ||
| 005 | 20210627081535.0 | ||
| 008 | 120625s1968 dcu f000 0 eng | ||
| 039 | 9 |
_y201206251831 _zVLOAD |
|
| 040 |
_aNLI _beng _cDatasoft_FOD_6 _eAACR2 |
||
| 041 | 0 | _aeng | |
| 044 | _a dcu | ||
| 082 | 0 | 4 | _a 344.730423 |
| 110 | 1 |
_aUnited States. _bDepartment of Agriculture _9706342 |
|
| 245 | 1 | 0 |
_aLegislative summary of federal programs available to assist. rural America / _cUnited States, Department of Agriculture |
| 260 |
_aWashington, D.C. : _bThe Department, _c1968 |
||
| 300 |
_a99 p. ; _c26 cm. |
||
| 650 | 0 |
_aFood law and legislation _zUnited States _9712041 |
|
| 650 | 0 |
_aDrugs _xLaw and legislation _zUnited States _9712175 |
|
| 650 | 0 |
_aCosmetics _xLaw and legislation _zUnited States _9716342 |
|
| 887 | _a | ||
| 901 |
_aAD 54786 _b12.09.1975 |
||
| 902 | _aU.S 344.730423 Un 3 | ||
| 904 | _l7828 | ||
| 949 |
_AVIRTUAITEM _D10002 _X100 _6FOD000054786ENG |
||
| 942 |
_2ddc _cBKS |
||
| 999 |
_aVIRTUA40 _c720466 _d720466 |
||